Aplikácia medzinárodných účtovných štandardov v Slovenskej republike
Medzinárodné účtovné štandardy (International Accounting Standards) boli v roku 2000 prvýkrát publikované v Slovenskej republike s povolením IASC ako slovenský preklad. Vstup SR do EÚ predpokladá aj porovnateľnosť účtovníctva, čomu by mali tieto štandardy prispievať. V súčasnosti je preložených a v...
Salvato in:
| Autore principale: | |
|---|---|
| Natura: | Capitolo di libro |
| Lingua: | slovacco |
| Soggetti: | |
| Tags: |
Nessun Tag, puoi essere il primo ad aggiungerne!!
|
MARC
| LEADER | 00000naa$a2200000$$$4500 | ||
|---|---|---|---|
| 001 | 0022470 | ||
| 005 | 20240502071413.3 | ||
| 041 | 0 | |a slo | |
| 044 | |a SK | ||
| 245 | 1 | 0 | |a Aplikácia medzinárodných účtovných štandardov v Slovenskej republike |c Anna Harumová |
| 520 | |a Medzinárodné účtovné štandardy (International Accounting Standards) boli v roku 2000 prvýkrát publikované v Slovenskej republike s povolením IASC ako slovenský preklad. Vstup SR do EÚ predpokladá aj porovnateľnosť účtovníctva, čomu by mali tieto štandardy prispievať. V súčasnosti je preložených a vydaných 41 IAS. Používanie medzinárodných štandardov prispieva k zlepšeniu ako aj harmonizácii účtovného vykazovania na celom svete. Vo svete existujú rozdiely pri zostavovaní účtovných závierok (ÚZ). Používanie účtovných štandardov v SR je uvedené v tabuľke. | ||
| 610 | 2 | 0 | |a štandardy účtovné medzinárodné |
| 610 | 2 | 0 | |a Slovensko |
| 610 | 2 | 0 | |a harmonizácia |
| 610 | 2 | 0 | |a závierka účtovná |
| 610 | 2 | 0 | |a informácie |
| 610 | 2 | 0 | |a účtovníctvo medzinárodné |
| 100 | 1 | |a Harumová, Anna, 1955- | |